Pays de la grande plaine européenne - Statistiques

Statistiques générales
  • Ce quiz a été pris 47 fois
    46 depuis la dernière actualisation
  • Le résultat moyen est 15 sur 17
Statistiques - réponses
Pays % Correct
Pologne
98%
Allemagne
93%
Lituanie
90%
Roumanie
90%
Russie
90%
Danemark
88%
Estonie
88%
Lettonie
88%
Belgique
85%
Bulgarie
85%
France
85%
Pays-Bas
85%
Biélorussie
83%
Moldavie
83%
République Tchèque
80%
Ukraine
80%
Finlande
73%
Aucun quiz correspondant
Distribution des résultats
% des personnes avec chaque résultat
Percentile par nombre de réponses
Votre historique - résultats
Vous n’avez pas pris ce quiz depuis la dernière actualisation